000
00292nam a2200121Ia 4500
008
191201s2014 xx 000 0 und d
100
_a
GARDE,R.J.
245
0
_a
Engineering Fluid Mechanics
260
_a
N. delhi
_b
Scitech
_c
2014
300
_a
NULL
650
_a
B.Tech(CE)
942
_2
ddc
_c
BK
_0
4
999
_c
6497
_d
6497